00582nam a2200157 i 4500001000700000003000900007005001700016007000300033008004100036100002800077245004100105260006700146300002100213586010600234852008400340108367ES-MaACL20241129174501.0t|061121s1904 uy r ||||1| spa d1 aMontero Brown, Ramón.10aExcelsior / cRamón Montero Brown. aMontevideo : b[s.n.], c1904 (fTalleres A. Barreiro y Ramos) a12 p. ; c17 cm. aEn port.: Poesía premiada con la medalla de oro en el certamen literario de La Plata (mayo de 1904) aES-MaACLjT-1058-F-2 z.- Enc. en un vol. facticio conservando la cub. original